<?xml version="1.0" encoding="UTF-8"?>
<record
    xmlns:xsi="http://www.w3.org/2001/XMLSchema-instance"
    xsi:schemaLocation="http://www.loc.gov/MARC21/slim http://www.loc.gov/standards/marcxml/schema/MARC21slim.xsd"
    xmlns="http://www.loc.gov/MARC21/slim">

  <leader>00723nam a2200193   4500</leader>
  <controlfield tag="003">-</controlfield>
  <controlfield tag="005">20260508222639.0</controlfield>
  <controlfield tag="008">-</controlfield>
  <datafield tag="020" ind1=" " ind2=" ">
    <subfield code="a">978-9968-03-828-7</subfield>
  </datafield>
  <datafield tag="040" ind1=" " ind2=" ">
    <subfield code="a">Biblioteca LadoV Teor&#xE9;tica</subfield>
    <subfield code="b">spa</subfield>
    <subfield code="c">Biblioteca LadoV Teor&#xE9;tica</subfield>
    <subfield code="e">rda</subfield>
  </datafield>
  <datafield tag="082" ind1="0" ind2="4">
    <subfield code="a">362.196.9792</subfield>
    <subfield code="b">L7359i</subfield>
  </datafield>
  <datafield tag="100" ind1="1" ind2=" ">
    <subfield code="a">Luis R. Herra</subfield>
    <subfield code="e">autor</subfield>
  </datafield>
  <datafield tag="245" ind1="1" ind2="0">
    <subfield code="a">VIHsibles :</subfield>
    <subfield code="b">Una respuesta comunitaria a la pandemia /</subfield>
    <subfield code="c">por Luis R. Herra</subfield>
  </datafield>
  <datafield tag="260" ind1=" " ind2="1">
    <subfield code="a">Costa Rica :</subfield>
    <subfield code="b">Centro de Investigaci&#xF3;n en Cultura y Desarrollo, </subfield>
    <subfield code="c">2024</subfield>
  </datafield>
  <datafield tag="300" ind1=" " ind2=" ">
    <subfield code="a">103 p&#xE1;ginas : </subfield>
    <subfield code="b">im&#xE1;genes a color ;</subfield>
    <subfield code="c">21.5 x 14 cm.</subfield>
  </datafield>
  <datafield tag="500" ind1=" " ind2=" ">
    <subfield code="a">Material elaborado con el apoyo de HIVOS en el marco del Fondo Subvenci&#xF3;n Proyecto VIH-CR.</subfield>
  </datafield>
  <datafield tag="650" ind1=" " ind2="7">
    <subfield code="2">Tesauro de la UNESCO</subfield>
    <subfield code="a">SIDA</subfield>
  </datafield>
  <datafield tag="942" ind1=" " ind2=" ">
    <subfield code="2">ddc</subfield>
    <subfield code="c">1</subfield>
    <subfield code="n">0</subfield>
  </datafield>
  <datafield tag="999" ind1=" " ind2=" ">
    <subfield code="c">4664</subfield>
    <subfield code="d">4664</subfield>
  </datafield>
  <datafield tag="952" ind1=" " ind2=" ">
    <subfield code="0">0</subfield>
    <subfield code="1">0</subfield>
    <subfield code="2">ddc</subfield>
    <subfield code="4">0</subfield>
    <subfield code="7">0</subfield>
    <subfield code="a">LV</subfield>
    <subfield code="b">LV</subfield>
    <subfield code="d">2026-05-08</subfield>
    <subfield code="l">0</subfield>
    <subfield code="o">362.196.9792 L7359i</subfield>
    <subfield code="p">00005073</subfield>
    <subfield code="r">2026-05-08 22:25:05</subfield>
    <subfield code="w">2026-05-08</subfield>
    <subfield code="y">1</subfield>
  </datafield>
  <datafield tag="952" ind1=" " ind2=" ">
    <subfield code="0">0</subfield>
    <subfield code="1">0</subfield>
    <subfield code="2">ddc</subfield>
    <subfield code="4">0</subfield>
    <subfield code="7">0</subfield>
    <subfield code="a">LV</subfield>
    <subfield code="b">LV</subfield>
    <subfield code="d">2026-05-08</subfield>
    <subfield code="l">0</subfield>
    <subfield code="o">362.196.9792 L7359i</subfield>
    <subfield code="p">00005074</subfield>
    <subfield code="r">2026-05-08 22:25:25</subfield>
    <subfield code="w">2026-05-08</subfield>
    <subfield code="y">1</subfield>
  </datafield>
</record>
